Ako keby

Bibliographic Details
Main Author: Farnbauer, Gábor, 1957- (Author)
Format: Article
Language:Slovak
Subjects:

MARC

LEADER 00000nab a2200000 a 4500
001 vtls000520390
003 SK-MaSNL
005 20260304094835.0
008 250425c1994 xo 0 slo
015 |a SNBRB19rr/mm-uuuuu 
035 |a CL0520528 
035 |a urn:nbn:sk:snk-abf6f7 
035 |a (urnnbn)urn:nbn:sk:snk:ar-00023j 
035 |a (uuid)b88b2f94-e37b-4180-9a44-4847b7d5b8b7 
040 |a SNKBUCL  |b slo  |c SNKBUCL  |e AACR2 
041 0 |a slo 
044 |a xo  |c SK 
080 |a 894.511 (437.6)-3  |2 1981 
080 |a 885.4-3  |2 1981 
100 1 |a Farnbauer, Gábor,  |d 1957-  |4 aut  |9 19873 
245 1 0 |a Ako keby  |c Gábor Farnbauer 
650 0 7 |a prózy psychologické  |2 snkbucl  |9 893892 
655 7 |a články z novín a časopisov  |2 snkbucl  |9 267496 
773 0 |t Romboid  |g Roč. 29, č. 6 (1994), s. 9-32 
850 |a Slovenská národná knižnica 
852 |a Slovenská národná knižnica 
958 |a article23 
958 |a OND 
958 |a RK 
958 |a HU 
958 |a LX 
958 |a EUIPO 
992 |a RBX 
999 |c 2829236  |d 2831166